Rajnaitik tattya aru Socratis, Plato, Aristotle. : (Record no. 478)

MARC details
000 -LEADER
fixed length control field 00524cam a2200181ua 4500
008 - FIXED-LENGTH DATA ELEMENTS--GENERAL INFORMATION
fixed length control field 110420n ii |||gr||||Z||||||eng
040 ## - CATALOGING SOURCE
Transcribing agency MAIN
082 ## - DEWEY DECIMAL CLASSIFICATION NUMBER
Classification number 320.5
245 11 - TITLE STATEMENT
Title Rajnaitik tattya aru Socratis, Plato, Aristotle. :
Remainder of title rajnaitik darshan. /
Statement of responsibility, etc. By Adyanath Chakraworty.
250 ## - EDITION STATEMENT
Edition statement 1st.
260 ## - PUBLICATION, DISTRIBUTION, ETC.
Place of publication, distribution, etc. Gowahati.:
Name of publisher, distributor, etc. Jyoti prakashan.,994.
300 ## - PHYSICAL DESCRIPTION
Extent 200 p.:6 cm.
700 ## - ADDED ENTRY--PERSONAL NAME
Personal name Chakraworty, Adyanath.,
Relator term
942 ## - ADDED ENTRY ELEMENTS (KOHA)
Koha item type Books
653 ## - INDEX TERM--UNCONTROLLED
Uncontrolled term Political science.
653 ## - INDEX TERM--UNCONTROLLED
Uncontrolled term Socratis Plato Aristotle.
Holdings
Withdrawn status Lost status Damaged status Not for loan Home library Current library Shelving location Date acquired Total Checkouts Full call number Barcode Date last seen Copy number Price effective from Koha item type
        Central Library, Naharkatiya College Central Library, Naharkatiya College   19/09/2020   320.5 | CHA 918 19/09/2020 2 19/09/2020 Books
        Central Library, Naharkatiya College Central Library, Naharkatiya College   19/09/2020   320.5 | CHA 919 19/09/2020 1 19/09/2020 Books

Naharkatiya College © 2020. All rights reserved.

Powered By